| 000 | 00830nam a22002417a 4500 | ||
|---|---|---|---|
| 005 | 20170124103216.0 | ||
| 010 | _aA-455619 | ||
| 020 | _c00.00 | ||
| 035 | _aA-455619 | ||
| 037 | _bCen Lib/Ret | ||
| 040 |
_aDPL _bHN |
||
| 082 |
_aक _bदासज |
||
| 100 |
_aदास, जगन्नाथ प्रसाद _970930 |
||
| 245 |
_aतीसरी दुनिया / _cजगन्नाथ प्रसाद दास |
||
| 246 |
_aTeesri duniya / _bby Jagannath Prasad Das |
||
| 260 | _c1990 | ||
| 300 |
_a171पृ. _c18सेमी(सजिल्द) |
||
| 650 |
_aहिन्दी -- साहित्य _9110700 |
||
| 650 |
_aहिन्दी -- कहानी _9110701 |
||
| 650 |
_aHindi literature _9110702 |
||
| 650 |
_aHindi - story _943117 |
||
| 942 |
_2ddc _cHN _hक _mदासज |
||
| 999 |
_c121506 _d121506 |
||